000 00269nam a2200097Ia 4500
001 1096926
005 20250827003043.0
008 250824s9999 xx 000 0 und d
245 0 _aAŞKIN GÖZYAŞLARI KİMYA HATUN
_cSİNAN YAĞMUR
260 _bKARATAY AKADEMİ YAYINLARI
999 _c1096926
_d1096926